Aplikácia hľadajúca požadované, algoritmom Insertion Sort usporiadané, štruktúrované záznamy v zozname tovarových položiek elektronického obchodu s nábytkom vytvorená v jazyku C# bakalárska práca

Saved in:
Bibliographic Details
Main Author: Lehotská, Vanessa
Corporate Author: Fakulta hospodárskej informatiky EU. Katedra aplikovanej informatiky
Other Authors: Košťál, Igor, 1962-
Format: Book
Language:Slovak
Published: Bratislava 2024
Tags: Add Tag
No Tags, Be the first to tag this record!

MARC

LEADER 00000nbm a2200000 4500
001 0302572
005 20250902112724.9
041 0 |a slo 
044 |a SK 
245 1 0 |a Aplikácia hľadajúca požadované, algoritmom Insertion Sort usporiadané, štruktúrované záznamy v zozname tovarových položiek elektronického obchodu s nábytkom vytvorená v jazyku C#  |b bakalárska práca  |c Vanessa Lehotská ; školiteľ: Igor Košťál 
264 1 |a Bratislava  |c 2024 
300 |a 54 s. 
100 1 |a Lehotská, Vanessa 
700 1 |a Košťál, Igor, 1962- 
710 2 |a Fakulta hospodárskej informatiky EU. Katedra aplikovanej informatiky